书目信息 |
| 题名: |
桥梁工程概论
|
|
| 作者: | 李亚东 主编 | |
| 分册: | ||
| 出版信息: | 成都 西南交通大学出版社 2001.01 |
|
| 页数: | 295页 | |
| 开本: | 16开 | |
| 丛书名: | ||
| 单 册: | ||
| 中图分类: | U44 | |
| 科图分类: | ||
| 主题词: | 桥涵工程 | |
| 电子资源: | ||
| ISBN: | 7-81057-526-0 | |
| 000 | 00547nam0 2200193 45 | |
| 001 | 0106111550 | |
| 005 | 20010611153652.6 | |
| 010 | @a7-81057-526-0@d30.00元 | |
| 100 | @a20010611d2001 km y0chiy0120 ea | |
| 101 | 0 | @achi |
| 105 | @a z 000yy | |
| 200 | 1 | @a桥梁工程概论@AQiao Liang Gong Cheng Gai Lun@f李亚东主编@FLi Ya Dong Zhu Bian |
| 210 | @a成都@c西南交通大学出版社@d2001.01 | |
| 215 | @a295页@d16开 | |
| 606 | 0 | @a桥涵工程 |
| 690 | @aU44@v3 | |
| 701 | 0 | @a李亚东@4主编 |
| 801 | @aCN@bPftUser@c20010611 | |
| 905 | @f4@b346556-559@dU44@eL205 | |
| 桥梁工程概论/李亚东主编.-成都:西南交通大学出版社,2001.01 |
| 295页;16开 |
| ISBN 7-81057-526-0:30.00元 |
| ● |
| 相关链接 |
|
|
|
正题名:桥梁工程概论
索取号:U44/L205
 
预约/预借
| 序号 | 登录号 | 条形码 | 馆藏地/架位号 | 状态 | 备注 |
| 1 | 346556 | 203465561 | 自科库501/ [索取号:U44/L205] |
已借出,限还日期为2008.04.11 借出人:何长锋 |
|
| 2 | 346557 | 203465570 | 自科库501/501自科库 83排1列1层/ [索取号:U44/L205] | 在馆 | |
| 3 | 346558 | 203465589 | 自科库501/501自科库 83排1列1层/ [索取号:U44/L205] | 在馆 | |
| 4 | 346559 | 203465598 | 自科库501/501自科库 83排1列1层/ [索取号:U44/L205] | 在馆 |